MANAGEMENT INFORMATION SYSTEMS MIS A SOU (Record no. 24223)
[ view plain ]
| 000 -LEADER | |
|---|---|
| fixed length control field | 00342nam a2200121Ia 4500 |
| 008 - FIXED-LENGTH DATA ELEMENTS--GENERAL INFORMATION | |
| fixed length control field | 240624s9999 xx 000 0 und d |
| 041 ## - LANGUAGE CODE | |
| Language code of text/sound track or separate title | eng |
| 082 ## - DEWEY DECIMAL CLASSIFICATION NUMBER | |
| Classification number | 658.4038011 BID |
| 100 ## - MAIN ENTRY--PERSONAL NAME | |
| Personal name | BIDGOLI HOSSEIN |
| 245 ## - TITLE STATEMENT | |
| Title | MANAGEMENT INFORMATION SYSTEMS MIS A SOU |
| 260 ## - PUBLICATION, DISTRIBUTION, ETC. | |
| Date of publication, distribution, etc. | 2013 |
| Place of publication, distribution, etc. | New Delhi |
| Name of publisher, distributor, etc. | Cengage Learning |
| 300 ## - PHYSICAL DESCRIPTION | |
| Extent | xii, : 352 : p. : cm. ; 27 |
| Withdrawn status | Lost status | Damaged status | Not for loan | Home library | Current library | Shelving location | Date acquired | Full call number | Barcode | Date last seen | Price effective from | Koha item type |
|---|---|---|---|---|---|---|---|---|---|---|---|---|
| IMTN | IMTN | Rack 29-A | 05/19/2015 | 658.4038011 BID | 24223 | 06/24/2024 | 06/24/2024 | Books |